<?xml version="1.0" encoding="UTF-8"?><?xml-stylesheet type="text/xsl" href="static/style.xsl"?><OAI-PMH xmlns="http://www.openarchives.org/OAI/2.0/" xmlns:xsi="http://www.w3.org/2001/XMLSchema-instance" xsi:schemaLocation="http://www.openarchives.org/OAI/2.0/ http://www.openarchives.org/OAI/2.0/OAI-PMH.xsd"><responseDate>2026-04-27T18:33:57Z</responseDate><request verb="GetRecord" identifier="oai:riubu.ubu.es:10259/9690" metadataPrefix="marc">https://riubu.ubu.es/oai/request</request><GetRecord><record><header><identifier>oai:riubu.ubu.es:10259/9690</identifier><datestamp>2025-06-06T22:42:07Z</datestamp><setSpec>com_10259.4_2554</setSpec><setSpec>com_10259.4_2542</setSpec><setSpec>com_10259.4_106</setSpec><setSpec>com_10259_2604</setSpec><setSpec>col_10259_9092</setSpec></header><metadata><record xmlns="http://www.loc.gov/MARC21/slim" xmlns:doc="http://www.lyncode.com/xoai" xmlns:xsi="http://www.w3.org/2001/XMLSchema-instance" xmlns:dcterms="http://purl.org/dc/terms/" xsi:schemaLocation="http://www.loc.gov/MARC21/slim http://www.loc.gov/standards/marcxml/schema/MARC21slim.xsd">
<leader>00925njm 22002777a 4500</leader>
<datafield tag="042" ind1=" " ind2=" ">
<subfield code="a">dc</subfield>
</datafield>
<datafield tag="720" ind1=" " ind2=" ">
<subfield code="a">Murillo Villar, Henar</subfield>
<subfield code="e">author</subfield>
</datafield>
<datafield tag="260" ind1=" " ind2=" ">
<subfield code="c">2024</subfield>
</datafield>
<datafield tag="520" ind1=" " ind2=" ">
<subfield code="a">En este artículo se contiene un análisis detallado de los supuestos de llamamientos&#xd;
preferentes que irrumpen en el orden sucesorio general ab intestato entre los parientes&#xd;
colaterales, incluido el cónyuge supérstite, y el Estado (fiscus) como ultimus heres. Se trata&#xd;
de llamamientos excepcionales que no conllevan que el Estado desaparezca del orden&#xd;
sucesorio intestado.</subfield>
</datafield>
<datafield tag="520" ind1=" " ind2=" ">
<subfield code="a">In this paper, a detailed analysis is set out of the circumstances of favored heirs that arise in the general intestate order of succession between collateral relatives, including the surviving spouse, and the State (fiscus) as the final heirs (ultimus heres). It is a matter of exceptional eligibility that in no way, however, implies that the State disappears from the intestate order of succession.</subfield>
</datafield>
<datafield tag="024" ind2=" " ind1="8">
<subfield code="a">978-84-1369-717-8</subfield>
</datafield>
<datafield tag="024" ind2=" " ind1="8">
<subfield code="a">http://hdl.handle.net/10259/9690</subfield>
</datafield>
<datafield ind1=" " ind2=" " tag="653">
<subfield code="a">Sucesión ab intestato</subfield>
</datafield>
<datafield ind1=" " ind2=" " tag="653">
<subfield code="a">Orden sucesorio</subfield>
</datafield>
<datafield ind1=" " ind2=" " tag="653">
<subfield code="a">Ultimus heres</subfield>
</datafield>
<datafield ind1=" " ind2=" " tag="653">
<subfield code="a">Llamamientos sucesorios privilegiados</subfield>
</datafield>
<datafield ind1=" " ind2=" " tag="653">
<subfield code="a">Succession ab intestato</subfield>
</datafield>
<datafield ind1=" " ind2=" " tag="653">
<subfield code="a">Order of succession</subfield>
</datafield>
<datafield ind1=" " ind2=" " tag="653">
<subfield code="a">Elegibility of flavored heirs</subfield>
</datafield>
<datafield tag="245" ind1="0" ind2="0">
<subfield code="a">Evolución histórica de los llamamientos privilegiados frente al estado como último heredero en el orden sucesorio general ab intestato</subfield>
</datafield>
</record></metadata></record></GetRecord></OAI-PMH>